[Event "29th Geneva Open"]
[Site "Geneva SUI"]
[Date "2012.12.27"]
[Round "3.2"]
[White "Suba,M"]
[Black "Malakhatko,V"]
[Result "1/2-1/2"]
[WhiteElo "2420"]
[BlackElo "2559"]

1.c4 e6 2.Nc3 d5 3.d4 Be7 4.Nf3 Nf6 5.Bf4 O-O 6.e3 b6 7.cxd5 Nxd5 8.Nxd5 exd5
9.Bd3 c5 10.Ne5 cxd4 11.exd4 Ba6 12.O-O Bxd3 13.Qxd3 f6 14.Ng4 Nc6 15.Rac1 Rc8
16.Ne3 Qd7 17.h3 Rfd8 18.Rc3 Nb4 19.Qb1 Rxc3 20.bxc3 Nc6 21.Re1 Bf8 22.Qb5 Na5
23.Qxd7 Rxd7 24.Rb1 Kf7 25.g4 Ba3 26.Kf1 Nc4 27.Ke2 Ke6 28.Kd3 Nxe3 29.Bxe3 Rc7
30.Re1 Kd7 31.Bf4  1/2-1/2

[Event "22nd North American Open"]
[Site "Las Vegas USA"]
[Date "2012.12.27"]
[Round "4.19"]
[White "Zenyuk,I"]
[Black "Mandiza,F"]
[Result "1-0"]
[WhiteElo "2250"]
[BlackElo "2415"]

1.d4 d5 2.c4 e6 3.Nc3 Nf6 4.Nf3 Be7 5.Bf4 O-O 6.e3 b6 7.cxd5 exd5 8.Bd3 c5
9.Ne5 Bb7 10.O-O Nc6 11.Ba6 Bxa6 12.Nxc6 Qd7 13.Nxe7+ Qxe7 14.Re1 Bb7 15.Bg5 Rfd8
16.Qf3 c4 17.Rad1 Rac8 18.e4 dxe4 19.d5 exf3 20.Rxe7 Nd7 21.Ne4 f6 22.Nd6 Rb8
23.Bf4 Nc5 24.Nxc4 Ra8 25.Nd6 Ba6 26.gxf3 Rd7 27.Rxd7 Nxd7 28.Re1 Kf8 29.b4 Bd3
30.Re3 Bb1 31.a3 a5 32.bxa5 bxa5 33.Nb5 Kg8 34.Re7 Nf8 35.Bc7 Ng6 36.Re3 Bf5
37.Nd4 Bd7 38.Nb3 Ra7 39.Bxa5 Nf4 40.d6 Ra6 41.Bb4 Nd5 42.Rd3 Nf4 43.Rd2 Ne6
44.Nd4 Nf4 45.Ne2 Ne6 46.Rc2 Kf7 47.Kf1 Rb6 48.Ng3 Rb5 49.Ne4 Rd5 50.Rd2 Rh5
51.Ke2 Ke8 52.Ke3 f5 53.Nc3 f4+ 54.Kd3 Bc6 55.Kc2 Rxh2 56.a4 Rg2 57.a5 Rg5
58.a6 Kd7 59.a7 Rf5 60.Kb3 h5 61.Na4 Bxa4+ 62.Kxa4 Rf8 63.Ka5 h4 64.Ka6 h3
65.Rd1 Rc8 66.Rh1 Nd4 67.Rxh3 Nc6 68.Bc5 Nxa7 69.Bxa7 Kxd6 70.Rh5 Ke6 71.Rc5 Rd8
72.Rc3 Rd2 73.Kb5 g5 74.Kc4 Kf5 75.Rd3 Rc2+ 76.Kd5 Re2 77.Bd4 Re8 78.Rd1 Ra8
79.Re1 Rd8+ 80.Kc4 Kg6 81.Re5 Rb8 82.Kd3 Rb1 83.Re6+ Kh5 84.Ke4 Rb7 85.Kf5 Rb8
86.Re1  1-0

[Event "88th Hastings Masters"]
[Site "Hastings ENG"]
[Date "2012.12.28"]
[Round "1.17"]
[White "Kjartansson,G"]
[Black "Steil Antoni,F"]
[Result "1-0"]
[WhiteElo "2404"]
[BlackElo "2169"]

1.c4 e6 2.Nf3 d5 3.d4 Nf6 4.Nc3 Be7 5.Bf4 O-O 6.Rc1 c6 7.e3 Re8 8.Bd3 Nbd7
9.h3 Nf8 10.O-O Ng6 11.Bh2 Bd6 12.Ne5 Bxe5 13.dxe5 Nd7 14.f4 Qb6 15.Qe2 Nc5
16.Bb1 Bd7 17.Kh1 Rad8 18.Bg1 Qb4 19.e4 Nxe4 20.Bxe4 dxe4 21.Nxe4 b6 22.c5 b5
23.Rcd1 Ne7 24.Nd6 Nd5 25.Rd4 Qa5 26.b4 Qc7 27.Nxe8 Bxe8 28.Qb2 a5 29.a3 a4
30.Rf3 Qe7 31.Bf2 Rc8 32.Kg1 f5 33.exf6 Qxf6 34.Rd2 Qxb2 35.Rxb2 Bg6 36.Re2 Kf7
37.Bd4 Rd8 38.Be5 Ne7 39.Bd6 Nd5 40.Kh2 h5 41.Kg3 Rh8 42.Kh4 Bf5 43.Be5 Rh7
44.Rd2 Rh6 45.Rg3 Rh7 46.Rg5 g6 47.Rg3 Ke7 48.Rf3 Kf7 49.Rff2 Ke7 50.Rfe2 Kf7
51.g3 Ke7 52.Rh2 Ne3 53.Kg5 Nd5 54.g4 Be4 55.Rhe2  1-0

[Event "Czech Christmas Open"]
[Site "Litomysl CZE"]
[Date "2012.12.29"]
[Round "4.7"]
[White "Bombek,P"]
[Black "Pulpan,J"]
[Result "1/2-1/2"]
[WhiteElo "2261"]
[BlackElo "2099"]

1.d4 d5 2.Nf3 Nf6 3.c4 e6 4.Nc3 Be7 5.Bf4 O-O 6.e3 b6 7.cxd5 Nxd5 8.Nxd5 Qxd5
9.Bd3 Bd6 10.e4 Qa5+ 11.Bd2 Bb4 12.a3 Bxd2+ 13.Qxd2 Qh5 14.Rc1 c5 15.dxc5 bxc5
16.O-O Nd7 17.Bb5 Ne5 18.Qe3 Nxf3+ 19.gxf3 e5 20.Kh1 Rb8 21.Rxc5 Rb6 22.Rg1 Rh6
23.Rg2 Bh3 24.Rg5 Qh4 25.Rg3 Bf1 26.Kg1 Bxb5 27.Rxb5 Qxh2+ 28.Kf1 Qh1+ 29.Rg1 Qh3+
30.Ke2 Qe6 31.Qb3  1/2-1/2

[Event "Czech Christmas Open"]
[Site "Litomysl CZE"]
[Date "2012.12.29"]
[Round "5.8"]
[White "Mejzlik,O"]
[Black "Sedy,P"]
[Result "1/2-1/2"]
[WhiteElo "2233"]
[BlackElo "2137"]

1.c4 e6 2.Nc3 d5 3.d4 Nf6 4.Nf3 Be7 5.Bf4 O-O 6.e3 Nbd7 7.Bd3 dxc4 8.Bxc4 a6
9.O-O c5 10.dxc5 Nxc5 11.Nd4 Nfe4 12.Nxe4 Nxe4 13.Qc2 Nc5 14.Rfd1 Qe8 15.Rac1 b5
16.Be2 Bb7 17.b4 Be4 18.Qd2 Na4 19.f3 Bg6 20.Nc6 Bf6 21.Bd6 Nb2 22.Bxf8 Nxd1
23.Qxd1 Qxf8 24.Qd7 h6 25.Kf2 Kh7 26.Rc5 Qe8 27.Qxe8 Rxe8 28.e4 Rc8 29.Ke3 Bb2
30.Bd3 f6 31.a4 Ba3 32.Rc2 Be8 33.axb5 axb5 34.Bxb5 Bxc6 35.Bxc6 Bxb4 36.Rc4 e5
37.Kd3 h5 38.Kc2 Kh6 39.Kb3 Bd2 40.Rc2 Be3 41.Ka4 h4 42.g3 Kg5 43.Kb5 Bd4
44.Rg2 h3 45.Ra2 Rb8+ 46.Kc4 Rb2 47.Rxb2 Bxb2 48.Bd7 Bd4 49.Kd3 Bg1 50.Ke2 g6
51.Bxh3 f5 52.Kf1 Bc5 53.Kg2 f4  1/2-1/2

[Event "XLII Rilton Cup"]
[Site "Stockholm SWE"]
[Date "2012.12.29"]
[Round "3.29"]
[White "Volodin,Alek"]
[Black "Jakobsen,Alf Gjoran"]
[Result "1-0"]
[WhiteElo "2506"]
[BlackElo "1901"]

1.d4 Nf6 2.c4 e6 3.Nf3 d5 4.Nc3 Be7 5.Bf4 O-O 6.e3 Nh5 7.Be5 f6 8.Bg3 Nxg3
9.hxg3 c6 10.Bd3 g6 11.Qc2 Kg7 12.O-O-O dxc4 13.Bxc4 b5 14.Bd3 Na6 15.Qd2 b4
16.Ne2 Rh8 17.e4 c5 18.Qh6+ Kf7 19.e5 f5 20.g4 Qf8 21.Qh3 cxd4 22.gxf5 exf5
23.Bc4+ Ke8 24.Nfxd4 Nc7 25.Qf3 Bg5+ 26.Kb1 Qc5 27.Bb3 Qxe5 28.Qc6+ Bd7 29.Qxd7+ Kxd7
30.Nf3+ Qd6 31.Nxg5 Qxd1+ 32.Rxd1+ Ke7 33.Nf4 Kf6 34.Nf7 Rhe8 35.Rd7 g5 36.Rd6+ Ke7
37.Nd3 Nb5 38.Rd5 Kxf7 39.Rxf5+ Kg6 40.Rxb5 Rab8 41.Ra5 Rb7 42.g4 Rc7 43.f4 h6
44.f5+ Kf6 45.Ra6+ Kg7 46.Rd6 Rf8 47.Nxb4 Rfc8 48.a3 a5 49.Nd5 Rc1+ 50.Ka2 Rg1
51.Rg6+ Kf8 52.Nc3 Rd8 53.f6 Ke8 54.Be6  1-0

[Event "XLII Rilton Cup"]
[Site "Stockholm SWE"]
[Date "2013.01.02"]
[Round "6.16"]
[White "Cederstam-Barsk,Carl"]
[Black "Akesson,R"]
[Result "1/2-1/2"]
[WhiteElo "2229"]
[BlackElo "2441"]

1.c4 e6 2.Nf3 Nf6 3.Nc3 d5 4.d4 Be7 5.Bf4 O-O 6.Rc1 Nbd7 7.cxd5 exd5 8.e3 c6
9.h3 Re8 10.Bd3 Nf8 11.O-O Ng6 12.Bh2 Bd6 13.Bxd6 Qxd6 14.Qc2 Re7 15.Rb1 Bd7
16.b4 a6 17.a4 Rae8 18.b5 axb5 19.axb5 Ne4 20.Na4 Qf6 21.bxc6 bxc6 22.Be2 Bf5
23.g4 Bd7 24.Nb6 h5 25.Nxd7 Rxd7 26.gxh5 Ne7 27.Ne5 Rd6 28.Bf3 Qh4 29.Kh2 Rf6
30.Bxe4 dxe4 31.Rb2 Rh6 32.Qe2 Rxh5 33.Qg4 Qxg4 34.Nxg4 Ng6 35.Rfb1 Re6 36.Rb8+ Kh7
37.Rc8 f5 38.Ne5 Nxe5 39.dxe5 Reh6 40.Rbb8 Rxh3+ 41.Kg2 Rh2+ 42.Kf1 Rh1+
43.Kg2 R6h2+ 44.Kg3 Rh3+ 45.Kg2 Kg6 46.Rxc6+ Kg5 47.Rg8 R3h2+ 48.Kg3 Rh7
49.Kg2 R7h2+ 50.Kg3 Rh7 51.Kg2  1/2-1/2

[Event "Hilton Master Open 2013"]
[Site "Basel SUI"]
[Date "2013.01.04"]
[Round "5.9"]
[White "Pelletier,Y"]
[Black "Giesler,Julius"]
[Result "1-0"]
[WhiteElo "2604"]
[BlackElo "2089"]

1.Nf3 d5 2.d4 Nf6 3.c4 e6 4.Nc3 Be7 5.Bf4 O-O 6.e3 c5 7.dxc5 Bxc5 8.a3 a6
9.Qc2 dxc4 10.Bxc4 Qe7 11.Rd1 Nc6 12.b4 b5 13.bxc5 e5 14.Nd5 Qb7 15.Ng5  1-0

[Event "11th Parsvnath Open"]
[Site "New Delhi IND"]
[Date "2013.01.05"]
[Round "1.1"]
[White "Gupta,Ab"]
[Black "Murali Krishnan,B"]
[Result "1-0"]
[WhiteElo "2637"]
[BlackElo "2320"]

1.d4 d5 2.c4 e6 3.Nc3 Nf6 4.Nf3 Be7 5.Bf4 O-O 6.e3 b6 7.Qc2 Bb7 8.cxd5 exd5
9.Bd3 c5 10.O-O Nc6 11.a3 c4 12.Bf5 a6 13.Rad1 b5 14.e4 dxe4 15.d5 Na5 16.Nxe4 Nxe4
17.Bxe4 g6 18.d6 Bf6 19.d7 Bxe4 20.Qxe4 Bxb2 21.Bd6 Qf6 22.Be7 Qc6 23.Qh4 Nb7
24.Bxf8 Bf6 25.Ng5 Bxg5 26.Qxg5 f6 27.Qh6 Rxf8 28.Rfe1 Qc5 29.Re8 Nd8 30.Rde1  1-0

[Event "25th Staufer Open"]
[Site "Schwaebisch Gmuend GER"]
[Date "2013.01.05"]
[Round "7.26"]
[White "Hoegy,K"]
[Black "Kohlmeier,F"]
[Result "1-0"]
[WhiteElo "2211"]
[BlackElo "1981"]

1.d4 d5 2.c4 e6 3.Nf3 Nf6 4.Nc3 Be7 5.Bf4 c6 6.e3 O-O 7.h3 Nbd7 8.c5 Ne4
9.Nxe4 dxe4 10.Nd2 f5 11.Bc4 Nf6 12.Qe2 Nd5 13.Be5 Bf6 14.Bd6 Be7 15.Be5 Bf6
16.Bd6 Be7 17.Bxe7 Qxe7 18.O-O Qg5 19.Rae1 Bd7 20.f3 Qg6 21.fxe4 fxe4 22.Rxf8+ Rxf8
23.Qg4 Qxg4 24.hxg4 Rf6 25.Nxe4 Rg6 26.g5 Kf8 27.Kf2 e5 28.Rh1 exd4 29.exd4 Bf5
30.Bxd5 cxd5 31.Nd6 Rxg5 32.Nxb7 Rg4 33.Rd1 Be4 34.g3 Bf5 35.c6 Ke7 36.Re1+ Be4
37.c7  1-0

[Event "Australian Open 2013"]
[Site "Cammeray AUS"]
[Date "2013.01.12"]
[Round "10.6"]
[White "Brown,An"]
[Black "Solomon,SJ"]
[Result "1-0"]
[WhiteElo "2261"]
[BlackElo "2410"]

1.d4 d5 2.c4 e6 3.Nc3 Nf6 4.Nf3 Be7 5.Bf4 O-O 6.e3 Nbd7 7.cxd5 Nxd5 8.Nxd5 exd5
9.Bd3 c5 10.O-O c4 11.Bc2 b5 12.e4 Nb6 13.Re1 Be6 14.Ne5 Rc8 15.Qh5 g6 16.Qe2 Bf6
17.Rad1 Re8 18.Ng4 Bxg4 19.Qxg4 dxe4 20.Bxe4 h5 21.Qf3 Kg7 22.Bb7 Qxd4 23.Bxc8 Rxe1+
24.Rxe1 Nxc8 25.Bc1 Nb6 26.b3 Qd5 27.Bh6+ Kxh6 28.Qxf6 Nd7 29.Qh8+ Kg5 30.bxc4 bxc4
31.Qc3 Kh6 32.h4 f6 33.Qe3+ Kg7 34.Qe7+ Qf7 35.Qd8 Ne5 36.f4 Nc6 37.Qd6 Qb7
38.Re8  1-0

[Event "Paul Keres Mem IM 2013"]
[Site "Tallin EST"]
[Date "2013.01.16"]
[Round "6.2"]
[White "Lapidus,M"]
[Black "Ladva,O"]
[Result "0-1"]
[WhiteElo "2215"]
[BlackElo "2267"]

1.d4 d5 2.Nf3 Nf6 3.c4 e6 4.Nc3 Be7 5.Bf4 O-O 6.e3 Nbd7 7.h3 c5 8.cxd5 Nxd5
9.Nxd5 exd5 10.Bd3 c4 11.Bc2 b5 12.O-O Bb7 13.Ne5 Nxe5 14.dxe5 Bc5 15.Qg4 Qe7
16.Rad1 Bb6 17.Qf5 g6 18.Bg5 Qe6 19.Qxe6 fxe6 20.h4 Bc7 21.f4 Bb6 22.Kf2 Kg7
23.h5 Bd8 24.Ke2 gxh5 25.Rh1 h6 26.Rxh5 Rh8 27.Rdh1 d4 28.exd4 Bxg5 29.fxg5 Bxg2
30.gxh6+ Kf7 31.R1h4 Rag8 32.Rf4+ Ke7 33.Rh2 Bd5 34.h7 Rg7 35.Rhf2 b4 36.Rh2 a5
37.Rf6 Kd7 38.Bg6 Ke7 39.Ke3 Bc6 40.Kf4 Bd5 41.Kg5 Be4 42.d5 exd5 43.Ra6 Bxg6
44.Rxg6 Rhxh7 45.Rxh7 Rxh7 46.Ra6 Rh2 47.Kf4 Rf2+ 48.Ke3 Rxb2 49.Rxa5 Ke6
50.Kf4 Rf2+ 51.Ke3 Rh2 52.Kd4 Rh4+ 53.Kc5 c3  0-1

[Event "73rd ch-ARM 2013"]
[Site "Yerevan ARM"]
[Date "2013.01.16"]
[Round "5.5"]
[White "Grigoryan,Av"]
[Black "Melkumyan,H"]
[Result "1/2-1/2"]
[WhiteElo "2599"]
[BlackElo "2656"]

1.d4 d5 2.c4 e6 3.Nc3 Be7 4.Nf3 Nf6 5.Bf4 O-O 6.e3 Nbd7 7.Qc2 c5 8.Rd1 Qa5
9.Nd2 cxd4 10.exd4 dxc4 11.Nxc4 Qd8 12.Bd3 Nb6 13.O-O Bd7 14.Nxb6 Qxb6 15.d5 Kh8
16.Qe2 Rae8 17.d6 Bxd6 18.Bxd6 Qxd6 19.Ne4 Qe5 20.f4 Qd4+ 21.Rf2 Qb4 22.a3 Qe7
23.Nxf6 Qxf6 24.Bxh7  1/2-1/2

[Event "e2e4 Chester Open"]
[Site "Chester ENG"]
[Date "2013.01.18"]
[Round "1"]
[White "Broadley,Henry"]
[Black "Olbison,Philip J"]
[Result "0-1"]
[WhiteElo "1936"]
[BlackElo "2050"]

1.d4 e6 2.c4 d5 3.Nc3 Nf6 4.Nf3 Be7 5.Bf4 a6 6.e3 dxc4 7.Bxc4 b5 8.Bb3 Bb7
9.Rc1 c6 10.e4 b4 11.e5 Nh5 12.Ne2 Nd7 13.Be3 g6 14.Bh6 Rg8 15.Qd3 Nb6 16.O-O Qd7
17.Nd2 Ng7 18.Bxg7 Rxg7 19.Nc4 Nxc4 20.Bxc4 Kf8 21.a3 h5 22.axb4 Bxb4 23.Qb3 Qe7
24.Ra1 h4 25.Nc1 h3 26.Qxh3 c5 27.Nd3 cxd4 28.Ra4 Bc5 29.Rfa1 Kg8 30.Bxa6 Be4
31.Bc4 Rb8 32.b3 Rh7 33.Qg3 Bb6 34.Qf4 Bc6 35.Ra6 Kg7 36.b4 Rh4 37.Qg3 Be4
38.Nf4 Bf5 39.Be2 d3 40.Bxd3 Rg4 41.Qf3 Qxb4 42.Ne2 Qb3 43.R6a3 Qb2 44.Bxf5 gxf5
45.h3 Re4 46.Qg3+ Kf8 47.Nc3 Rc4 48.Nd1 Qb4 49.Ne3 f4 50.Qh4 fxe3 51.Qh8+ Ke7
52.Qxb8 exf2+ 53.Kh2 f1=Q 54.Rxf1 Bg1+ 55.Kxg1 Qxb8 56.Raf3 Qa7+ 57.Kh1 Ke8
58.Rg3 Qc7 59.Rg8+ Ke7 60.Re1 Rc5 61.Rg5 Kf8 62.Re2 f6 63.Rg6 Rxe5 64.Rxf6+ Kg7  0-1

[Event "116th YMCA Winter"]
[Site "Warsaw POL"]
[Date "2013.01.18"]
[Round "2"]
[White "Choroszej,A"]
[Black "Szymczak,Ra"]
[Result "0-1"]
[WhiteElo "2097"]
[BlackElo "2067"]

1.d4 e6 2.c4 d5 3.Nc3 Nf6 4.Nf3 Be7 5.Bf4 c6 6.e3 Nbd7 7.h3 O-O 8.c5 Ne4
9.Nxe4 dxe4 10.Nd2 f5 11.Be2 e5 12.dxe5 Nxc5 13.O-O Be6 14.Qc2 Nd3 15.Bh2 Qd5
16.Rfd1 Rad8 17.Nb3 c5 18.Rd2 Rd7 19.Rad1 c4 20.Nd4 Bb4 21.g4 g6 22.b3 Bxd2
23.bxc4 Qxc4 24.Qxd2 Rxd4 25.exd4 Qxd4 26.Bxd3 exd3 27.Qxd3 Qxd3 28.Rxd3 fxg4
29.Rd6 Re8 30.hxg4 Bxg4 31.Kg2 Be6 32.a3 Kf7 33.Kf3 Rc8 34.Rd3 g5 35.Ke3 Rc2
36.Rd2 Rxd2 37.Kxd2 Kg6 38.Ke3 Kf5 39.f4 gxf4+ 40.Bxf4 h5 41.Bh2 h4 42.Kd4 b6
43.a4 a5 44.Kc3 h3 45.Kd3 Bd7 46.e6 Kxe6 47.Ke3 Kd5 48.Kf3 Bxa4  0-1

[Event "5th Chennai Open 2013"]
[Site "Chennai IND"]
[Date "2013.01.19"]
[Round "4"]
[White "Teske,H"]
[Black "Aravindh,Chithambaram VR."]
[Result "1-0"]
[WhiteElo "2512"]
[BlackElo "2342"]

1.Nf3 d5 2.d4 Nf6 3.c4 e6 4.Nc3 Be7 5.Bf4 O-O 6.e3 b6 7.Bd3 dxc4 8.Bxc4 Bb7
9.O-O a6 10.Qe2 b5 11.Bd3 c5 12.dxc5 Bxc5 13.Rfd1 Nbd7 14.Ne5 h6 15.Be4 Ra7
16.Bc6 Bc8 17.Bxd7 Bxd7 18.Nc6 Bxc6 19.Rxd8 Rxd8 20.Rd1 Rad7 21.Rxd7 Rxd7
22.a3 a5 23.h3 b4 24.axb4 axb4 25.Nb5 Ne4 26.Nd4 Bxd4 27.exd4 Rxd4 28.Be3 Rd6
29.Qc4 Bd5 30.Qxb4 Rd7 31.Qb8+ Kh7 32.Qc8 Rb7 33.Qc2 f5 34.Bd4 Nd6 35.Kh2 Nc4
36.Bc3 Nd6 37.Qa4 Ne4 38.Bd4 Nd6 39.b4 Nb5 40.Be5 Na7 41.Qa6 Nb5 42.g4 Kg6
43.Kg3 Na7 44.f3 Rf7 45.Bc3 Kh7 46.gxf5 Rxf5 47.f4 Rf7 48.Qd3+ Kg8 49.Bd4 Nc6
50.Bc5 Nd8 51.b5 Nb7 52.Ba3 Rf5 53.Qd4 g5 54.Bb2 gxf4+ 55.Kh4 Rg5 56.Qh8+ Kf7
57.Qh7+ Ke8 58.Bf6  1-0

[Event "5th Chennai Open 2013"]
[Site "Chennai IND"]
[Date "2013.01.19"]
[Round "7"]
[White "Maheswaran,P"]
[Black "Yogit,S"]
[Result "1-0"]
[WhiteElo "2276"]
[BlackElo "2005"]

1.d4 Nf6 2.Nf3 e6 3.c4 d5 4.Nc3 Be7 5.Bf4 O-O 6.e3 Nbd7 7.Qc2 a6 8.Rd1 b6
9.cxd5 exd5 10.Ne5 Bb7 11.Be2 Rc8 12.O-O Re8 13.Bxa6 Bxa6 14.Nc6 Bxf1 15.Kxf1 Nf8
16.Nxd8 Rexd8 17.Nb5 Ne6 18.Na7 Ra8 19.Nc6 Re8 20.Be5 Ng4 21.a3 Bf8 22.h3 Nh6
23.Qb3 Nf5 24.Qxd5 Ne7 25.Nxe7+ Bxe7 26.Qc6 Rac8 27.Rc1 Kf8 28.g4 Bd8 29.d5 Nc5
30.Bxg7+  1-0

[Event "Dvorkovich Mem 2013"]
[Site "Taganrog RUS"]
[Date "2013.01.21"]
[Round "7.15"]
[White "Duzhakov,I"]
[Black "Kornyukov,A"]
[Result "1/2-1/2"]
[WhiteElo "2316"]
[BlackElo "2460"]

1.d4 d5 2.Nf3 e6 3.c4 Nf6 4.Nc3 Be7 5.Bf4 O-O 6.e3 Nbd7 7.Bd3 c5 8.cxd5 exd5
9.Rc1 c4 10.Bb1 a6 11.Ne5 b5 12.Nc6 Qe8 13.Qf3 Nb6 14.Nxe7+ Qxe7 15.Be5 Re8
16.Bxf6 Qxf6 17.Qxf6 gxf6 18.b4 Bd7 19.Kd2 a5 20.a3 axb4 21.axb4 Ra3 22.Bc2 h6
23.Ra1 Rea8 24.Rxa3 Rxa3 25.g4 Kf8 26.f3 Bc8 27.Rb1 Ke7 28.Rb2 Kd6 29.Ra2 Rxa2
30.Nxa2 Nd7 31.Nc3 Nb8 32.Ne2 Bd7 33.Ng3 Nc6 34.Kc3 Ne7 35.h3 Bc8 36.Kd2 Nc6
37.Bf5 Be6 38.Kc3 Ne7 39.Bc2 Bc8 40.Bb1 Bd7 41.Bh7 Bc8 42.Bc2 Bd7 43.Bb1  1/2-1/2

[Event "11th Gibraltar Masters"]
[Site "Caleta ENG"]
[Date "2013.01.22"]
[Round "1.47"]
[White "Havik,V"]
[Black "Zatonskih,A"]
[Result "0-1"]
[WhiteElo "2094"]
[BlackElo "2491"]

1.d4 d5 2.c4 e6 3.Nf3 Nf6 4.Nc3 Be7 5.Bf4 O-O 6.e3 Nbd7 7.c5 Nh5 8.Be5 c6
9.h3 Nxe5 10.Nxe5 g6 11.Be2 Ng7 12.b4 f6 13.Nf3 e5 14.Qb3 exd4 15.exd4 Ne6
16.O-O Nf4 17.Rfe1 Be6 18.Bf1 Qd7 19.Ne2 Nh5 20.Qe3 Bd8 21.Nf4 Nxf4 22.Qxf4 Kg7
23.Bd3 Bc7 24.Qh4 h6 25.Nh2 Rae8 26.Ng4 h5 27.Ne3 Qf7 28.f4 Bd7 29.Re2 Re7
30.Rae1 Rfe8 31.a4 b6 32.Qf2 Bc8 33.Nc2 Rxe2 34.Rxe2 Rxe2 35.Bxe2 Bf5 36.Ne3 Be4
37.Nf1 bxc5 38.bxc5 Ba5 39.Ng3 f5 40.Kh2 Qe8 41.Qe3 Bc7 42.Nxe4 dxe4 43.g3 Qb8
44.Qc3 Bd8 45.d5+ Bf6 46.Qc4 cxd5 47.Qxd5 h4 48.c6 Qb6  0-1

[Event "11th Gibraltar Masters"]
[Site "Caleta ENG"]
[Date "2013.01.25"]
[Round "4.101"]
[White "Byrn,C"]
[Black "Neumanova,M"]
[Result "1-0"]
[WhiteElo "2114"]
[BlackElo "1701"]

1.d4 Nf6 2.c4 e6 3.Nc3 d5 4.Nf3 Be7 5.Bf4 O-O 6.e3 c6 7.c5 b6 8.b4 Nbd7 9.h3 Bb7
10.Bd3 a5 11.a3 Re8 12.O-O Qc8 13.Qb3 Ba6 14.Bxa6 Rxa6 15.Rfc1 axb4 16.axb4 Rxa1
17.Rxa1 Qb7 18.Qa3 bxc5 19.bxc5 Rc8 20.g4 h6 21.Kg2 Bf8 22.Rb1 Qa8 23.Qb2 g5
24.Bg3 Bg7 25.Ra1  1-0

[Event "11th Gibraltar Masters"]
[Site "Caleta ENG"]
[Date "2013.01.25"]
[Round "4.3"]
[White "Le Quang Liem"]
[Black "Salgado Lopez,I"]
[Result "1-0"]
[WhiteElo "2705"]
[BlackElo "2606"]

1.Nf3 d5 2.d4 Nf6 3.c4 e6 4.Nc3 Be7 5.Bf4 c6 6.e3 Nh5 7.Bd3 Nxf4 8.exf4 dxc4
9.Bxc4 Nd7 10.O-O O-O 11.Qe2 a6 12.Rfd1 b5 13.Bb3 Bb7 14.Rac1 a5 15.a4 bxa4
16.Nxa4 Bb4 17.Ng5 Qe7 18.Qe3 Rad8 19.Ne4 Rfe8 20.h3 h6 21.Nac5 Nb6 22.Ba2 Nd5
23.Qf3 Rb8 24.Nd3 Ba8 25.Nec5 Red8 26.Bc4 Qf6 27.Qe4 h5 28.Nxb4 Rxb4 29.Nd3 Rbb8
30.Qe5 Qxe5 31.fxe5 Nc7 32.b3 Rxd4 33.Nc5 Rxd1+ 34.Rxd1 Nd5 35.Ra1 Ne7 36.Rxa5 Rd8
37.Bd3 h4 38.Ra4 g6 39.Kf1 Kg7 40.Ra7 Kf8 41.Ke2 Nd5 42.Kf3  1-0

[Event "11th Gibraltar Masters"]
[Site "Caleta ENG"]
[Date "2013.01.27"]
[Round "6.50"]
[White "Salem,AR"]
[Black "Nuri,Kam"]
[Result "1/2-1/2"]
[WhiteElo "2538"]
[BlackElo "2241"]

1.d4 Nf6 2.c4 e6 3.Nf3 d5 4.Nc3 Be7 5.Bf4 O-O 6.a3 c5 7.dxc5 Bxc5 8.cxd5 Nxd5
9.Nxd5 exd5 10.e3 Nc6 11.Bd3 Bd6 12.Bxd6 Qxd6 13.O-O Qf6 14.b4 Bg4 15.Be2 Rfd8
16.h3 Bxf3 17.Bxf3 d4 18.exd4 Rxd4 19.Qa4 Rd6 20.Rac1 g6 21.b5 Nd4 22.Bxb7 Rad8
23.Kh1 Qf5 24.Bc6 Ne2 25.Rce1 Nd4 26.Rc1 Ne2 27.Rce1 Nd4 28.Re7 Qc5 29.Rxa7 Nxc6
30.bxc6 Qxc6 31.Qb3 Rf6 32.Kg1 Qd5 33.Qb2 Qd4 34.Rb1 Qxb2 35.Rxb2 Rd1+ 36.Kh2 Ra1
37.h4 h5 38.g3 Rf3 39.a4 Rf5 40.Kg2 Kg7 41.Rb3 Ra2 42.Rf3 Rxf3 43.Kxf3 Ra3+
44.Ke4 Ra2 45.Kf3 Ra3+ 46.Kg2 Kf6 47.a5 Kg7 48.a6 Kf6 49.Ra8 Kg7 50.Kf1 Ra2
51.Ke1 Kh7 52.Kd1 Kg7 53.Kc1 Rxf2 54.Rc8 Ra2 55.Rc6 f6 56.Kb1 Ra5 57.Kb2 g5
58.Kb3 gxh4 59.gxh4 f5 60.Kb4 Ra2 61.Kb5 f4 62.Rc5 f3 63.Rxh5 f2 64.Rf5 Kg6
65.Rf4 Kh5 66.a7  1/2-1/2

[Event "TCh-CZE Div1 Vychod 2012-13"]
[Site "Czech Republic CZE"]
[Date "2013.01.27"]
[Round "6.1"]
[White "Votava,J"]
[Black "Polak,T"]
[Result "1/2-1/2"]
[WhiteElo "2534"]
[BlackElo "2522"]

1.d4 Nf6 2.Nf3 e6 3.c4 d5 4.Nc3 Be7 5.Bf4 O-O 6.e3 c5 7.dxc5 Bxc5 8.Be2 dxc4
9.Qxd8 Rxd8 10.Bxc4 Nc6 11.Ke2 Bd7 12.a3 Be8 13.Rhd1 a6 14.h3 h6 15.g4 Kf8
16.Rxd8 Rxd8 17.Rc1 g5 18.Bg3 Bd6 19.Bxd6+ Rxd6 20.b4 Ke7 21.Bd3 Rd8 22.Ne4 Nxe4
23.Bxe4 Bd7 24.h4 f6 25.hxg5 hxg5 26.Rh1 Rf8 27.Rh7+ Rf7 28.Rh6 Rg7 29.Rh8 Rf7
30.Bg6 Rg7 31.Be4 Rf7 32.Kd2 Rf8 33.Rh7+ Rf7 34.Rh8 Rf8 35.Rh7+ Rf7 36.Rh6 Rf8
37.Kc3 Rf7 38.Bg6 Rg7 39.Be4 Rf7 40.Rh8 Kd6 41.Nd2 Kc7 42.Nb3 b6 43.Bg6 Rg7
44.Bh5 f5 45.Nd4 fxg4 46.Nxc6 Bxc6 47.Bxg4 Rf7 48.Bxe6 Rxf2 49.Rg8 Rg2 50.Kd4 Rd2+
51.Ke5 b5 52.Rxg5 Rd3 53.e4 Rxa3 54.Rg7+ Kb6 55.Rg6 Kc7 56.Rg7+ Kb6 57.Rg6 Kc7
58.Bd5 Bxd5 59.exd5 Re3+ 60.Kd4 Rb3 61.Rxa6 Rxb4+ 62.Ke5 Rb1 63.Ra7+ Kb6
64.Rh7 Re1+ 65.Kd6 b4 66.Rh8 Kb5 67.Rb8+ Kc4 68.Kc6 Rd1 69.d6 b3 70.d7 Kc3
71.d8=Q Rxd8 72.Rxd8 b2 73.Rb8 Kc2 74.Rxb2+ Kxb2  1/2-1/2

[Event "TCh-CZE Div1 Vychod 2012-13"]
[Site "Czech Republic CZE"]
[Date "2013.01.27"]
[Round "6.3"]
[White "Kolosowski,M"]
[Black "Talla,V"]
[Result "0-1"]
[WhiteElo "2442"]
[BlackElo "2377"]

1.d4 d5 2.c4 e6 3.Nf3 Nf6 4.Nc3 Be7 5.Bf4 O-O 6.e3 Nbd7 7.Qc2 c5 8.Rd1 Qa5
9.Nd2 cxd4 10.exd4 dxc4 11.Nxc4 Qd8 12.Bd3 Nb6 13.O-O Nbd5 14.Nxd5 Qxd5 15.Be5 g6
16.Qd2 Bd7 17.Ne3 Qxa2 18.Bc4 Qa4 19.b3 Qc6 20.d5 exd5 21.Nxd5 Nxd5 22.Bxd5 Qb6
23.Qh6 Bf6 24.Rd4 Qxd4 25.Bxd4 Bxd4 26.Qf4 Bb6 27.h4 Be6 28.Bxb7 Rad8 29.Qf3 h5
30.Be4 Rd4 31.Qe2 Bxb3 32.Re1 Re8 33.Qb5 Rexe4 34.Rxe4 Rxe4 35.Qxb3 Rf4 36.Kh2 Rxh4+
37.Kg3 Rg4+ 38.Kf3 Rg5 39.Ke4 Rxg2 40.f4 Re2+ 41.Kd5 Rf2 42.Qa4 Rd2+ 43.Ke5 Kg7
44.Qc4 Bd4+ 45.Ke4 Bf6 46.Qa6 Rd4+ 47.Kf3 Rd5 48.Qxa7 Rf5 49.Kg3 Kg8 50.Qa8+ Kh7
51.Qb7 Bg7 52.Qd7 Bh6 53.Qe8 Bxf4+ 54.Kg2 Kg7 55.Qe4 Be5 56.Qd5 Bf6 57.Qe4 Rc5
58.Qf4 Rc2+ 59.Kh1 h4 60.Qe3 Rc3 61.Qf4 h3  0-1

[Event "11th Gibraltar Masters"]
[Site "Caleta ENG"]
[Date "2013.01.29"]
[Round "8.2"]
[White "Le Quang Liem"]
[Black "Short,N"]
[Result "0-1"]
[WhiteElo "2705"]
[BlackElo "2690"]

1.d4 Nf6 2.c4 e6 3.Nf3 d5 4.Nc3 Be7 5.Bf4 O-O 6.Qc2 c5 7.dxc5 Na6 8.e3 Nxc5
9.Be2 dxc4 10.Bxc4 a6 11.a4 Bd7 12.O-O Bc6 13.Rfd1 Qa5 14.Nd4 Rfc8 15.Nxc6 Rxc6
16.h3 Rac8 17.Bb5 Rb6 18.Be2 Nce4 19.Bf3 Nxc3 20.bxc3 g5 21.Bg3 Rxc3 22.Qd2 Rbb3
23.Rac1 b6 24.Rxc3 Qxc3 25.Qxc3 Rxc3 26.Be5 Rc4 27.Rd4 Rc5 28.Bxf6 Bxf6 29.Rd7 Kf8
30.Ra7 a5 31.Bh5 Be7 32.Ra8+ Kg7 33.Ra7 Kf6 34.g3 Rc4 35.Rb7 Rxa4 36.Rxb6 Rc4
37.Ra6 a4 38.Kg2 a3 39.Be2 Rc3 40.Bf3 Bc5 41.Be4 h5 42.Kf3 Ke5 43.Bh7 Rb3
44.g4 h4 45.Ra4 Rb2 46.Ra5 Kd6 47.Bd3 Kd5 48.Bf1 a2 49.Bd3 Rd2 50.Ba6 e5
51.Bb7+ Kc4 52.Ke4 Kb3 53.Bd5+ Rxd5 54.Rxa2 Rd6 55.Ra5 Kb4 56.Ra2 f6 57.Kf5 Kc4
58.Rc2+ Kb5 59.Rb2+ Kc6 60.Rc2 Kb6 61.Ke4 Kb5 62.Kf5 Bb4 63.Kg6 Be1 64.Kf5 Kb4
65.Re2 Bd2 66.f3 Kc3 67.Ke4 Rd3  0-1

[Event "Asian Zone 3.3 w"]
[Site "Tagaytay City PHI"]
[Date "2013.01.29"]
[Round "9.6"]
[White "San Diego,Marie Antoinette"]
[Black "Munguntuul,B"]
[Result "0-1"]
[WhiteElo "1923"]
[BlackElo "2453"]

1.d4 d5 2.Nf3 e6 3.c4 Nf6 4.Nc3 Be7 5.Bf4 O-O 6.e3 Nbd7 7.Bd3 c5 8.O-O dxc4
9.Bxc4 a6 10.a4 cxd4 11.exd4 Nb6 12.Bb3 Nbd5 13.Bg5 h6 14.Bh4 Nxc3 15.bxc3 b6
16.Qd3 Bb7 17.Rfe1 Nd5 18.Bxe7 Qxe7 19.Bxd5 Bxd5 20.Nd2 Qc7 21.f3 b5 22.Rec1 Rab8
23.axb5 axb5 24.Rab1 Qc6 25.Nf1 Bc4 26.Qd2 Rfc8 27.Ne3 Qd6 28.Rb2 e5 29.dxe5 Qxe5
30.Ng4 Qc7 31.Nf2 Rd8 32.Qc2 Rd7 33.Rd1 Re8 34.Ne4 f5 35.Ng3 Qc5+ 36.Kh1 Qf2
37.Rg1 Qxc2 38.Rxc2 Rd5 39.Rcc1 Kf7 40.Rge1 Red8 41.h3 g6 42.Ra1 R8d7 43.Rac1 h5
44.h4 Rd3 45.Kg1 Rc7 46.Red1 Rxd1+ 47.Rxd1 Bb3 48.Rc1 Bc4 49.Kf2 Re7 50.Re1 Ra7
51.Rc1 Ra2+ 52.Kg1 Ke6 53.Nh1 Ke5 54.Re1+ Kf4 55.Kh2 Rc2 56.Re7 Bf1 57.Kg1 Bxg2
58.Nf2 Bxf3 59.Nd3+ Kg3 60.Ne1 Rxc3 61.Re6 Bg4 62.Rxg6 b4  0-1

[Event "TCh-SWE Elite 2012-13"]
[Site "Sweden SWE"]
[Date "2013.02.01"]
[Round "6"]
[White "Nygren,D"]
[Black "Larsson,V"]
[Result "0-1"]
[WhiteElo "2180"]
[BlackElo "2118"]

1.d4 d5 2.c4 e6 3.Nf3 Nf6 4.Nc3 Be7 5.Bf4 O-O 6.e3 Nbd7 7.Qc2 c6 8.cxd5 exd5
9.Bd3 Re8 10.O-O-O Nf8 11.h3 Bd6 12.Bg5 Be6 13.Kb1 a6 14.Ne5 c5 15.Ng4 Be7
16.Bxf6 Bxf6 17.Nxf6+ Qxf6 18.dxc5 b6 19.e4 d4 20.Nd5 Bxd5 21.exd5 bxc5 22.Qxc5 Rec8
23.Qa3 Rab8 24.f3 Rc3 25.Qxa6 Rb6 26.Qa7 Qd6 27.b3 Qb4 28.Bc2 Qc5 29.Qa4 Rxc2
30.Qxd4 Rc1+  0-1